Pasic o la unión de los yugoslavos

Gorde:
Xehetasun bibliografikoak
Egile nagusia: Sforza, Carlo (Egilea)
Formatua: Liburua
Hizkuntza:gaztelania
Argitaratua: Santiago Ercilla 1940
Edizioa:2a. ed
Saila:Colección Contemporáneos
Gaiak:
Etiketak: Etiketa erantsi
Etiketarik gabe, Izan zaitez lehena erregistro honi etiketa jartzen!

MARC

LEADER 00000cam a2200000 a 4500
001 UCD4708
003 CL-VaPUC
008 160717e19400000cl |||||||||||||||||spa|d
082 0 4 |a 949.7  |b SFO  |2 21 
100 0 |a Sforza, Carlo  |e author  |9 588436 
245 1 0 |a Pasic o la unión de los yugoslavos 
250 |a 2a. ed 
300 |a 290 p 
942 |c BK 
945 |d 20160717 19:54:00  |a dcastane 
260 |a Santiago  |b Ercilla  |c 1940 
650 0 |a Historia de Europa  |9 392003 
650 0 |a Historia  |z Yugoslavia  |9 445137 
583 |a last modification  |c 20160717 19:54:00  |k Rodrigo Vera 
490 0 |a Colección Contemporáneos 
999 |c 365561  |d 365559 
952 |0 0  |1 0  |3 erd  |4 0  |6 949_700000000000000_SFO_1940  |7 0  |8 A  |9 479444  |a FDOHBE  |b FDOHBE  |e Huesbe Llanos, Marco Antonio, 1934-  |i 5307767  |o 949.7 SFO 1940  |p 5307767  |r 2024-01-30  |w 2019-11-24  |y BK  |z Catalogado en:20160717  |k HBE